00867nam a22002417a 450000500170000001000140001702000260003103500130005703700130007008200140008310000260009724500520012326000470017527000860022230000250030850000190033365000280035265000320038065000270041294200280043999900170046795201410048420100803152357.0 aENG-98000 a9789380388366c995.00 aEN-81533 bDBAD/PUB a621.38928 aKaushal, Sarita96357 aSecurity and everyday life /cby Sarita Kaushal aNew DelhibD. P. S. publishing Housec2011 a213, Vardan House, 7/28, Mahavir Gali, Ansari Road, Darya GanjbNew Delhie110002 avi, 268p.c22cm (Hb) aIncludes index aInternal security96358 aSecurity (psychology)96359 aSecutity systems96360 2ddccENh621.38928mKAU c39017d39017 001040718NFICaDBADbDBADd2010-08-03eDBAD / PUBg995.00l0o621.38928 KAUpEN-81533r2010-08-03 00:00:00t1v995.00w2010-08-03yEN